| 000 | 00459nam a2200181Ia 4500 | ||
|---|---|---|---|
| 003 | OSt | ||
| 005 | 20250806102045.0 | ||
| 008 | 210210b1958 xxu||||| |||| 00| 0 eng d | ||
| 040 | _cAL | ||
| 041 | _akan | ||
| 082 | _a859/1019 | ||
| 100 |
_aNIRANJANA _9145812 _dನಿರಂಜನ |
||
| 245 |
_aVishalakshi-3: _bವಿಶಾಲಾಕ್ಷಿ-3 |
||
| 260 |
_aBengaluru _b- _c1958 |
||
| 690 |
_aKannada Fiction _9145813 |
||
| 906 | _a021765 | ||
| 942 |
_2ddc _cBK |
||
| 999 |
_c145864 _d145864 |
||